000
00302nam a2200133Ia 4500
100
_a
Pappas/C.H/ Murray W.H
942
_c
BK
654
_a
80386
245
_a
80386 Microprocessor handbook
260
_b
McGraw Hill
_a
California
_c
1985
082
_a
621.3819
_b
PAP
300
_a
434
546
_a
ENGLISH
999
_c
26772
_d
26772